| 000 -LEADER |
| fixed length control field |
02059cam a2200457 a 4500 |
| 001 - CONTROL NUMBER |
| control field |
13384833 |
| 003 - CONTROL NUMBER IDENTIFIER |
| control field |
OSt |
| 005 - DATE AND TIME OF LATEST TRANSACTION |
| control field |
20210419053439.0 |
| 008 - FIXED-LENGTH DATA ELEMENTS--GENERAL INFORMATION |
| fixed length control field |
031027s2004 nyua b 001 0deng |
| 010 ## - LIBRARY OF CONGRESS CONTROL NUMBER |
| LC control number |
2003063344 |
| 020 ## - INTERNATIONAL STANDARD BOOK NUMBER |
| International Standard Book Number |
0743224663 |
| 040 ## - CATALOGING SOURCE |
| Original cataloging agency |
DLC |
| Transcribing agency |
DLC |
| Modifying agency |
DLC |
| 043 ## - GEOGRAPHIC AREA CODE |
| Geographic area code |
n-us--- |
| -- |
n-us-ny |
| 050 00 - LIBRARY OF CONGRESS CALL NUMBER |
| Classification number |
E440 |
| Item number |
.H65 2004 |
| 080 ## - UNIVERSAL DECIMAL CLASSIFICATION NUMBER |
| Universal Decimal Classification number |
92 |
| Item number |
H-75 |
| 082 00 - DEWEY DECIMAL CLASSIFICATION NUMBER |
| Classification number |
973.7/092 |
| Edition number |
22 |
| 100 1# - MAIN ENTRY--PERSONAL NAME |
| Personal name |
Holzer, Harold. |
| 245 10 - TITLE STATEMENT |
| Title |
Lincoln at Cooper Union : |
| Remainder of title |
the speech that made Abraham Lincoln president / |
| Statement of responsibility, etc. |
Harold Holzer. |
| 260 ## - PUBLICATION, DISTRIBUTION, ETC. |
| Place of publication, distribution, etc. |
New York : |
| Name of publisher, distributor, etc. |
Simon & Schuster, |
| Date of publication, distribution, etc. |
c2004. |
| 300 ## - PHYSICAL DESCRIPTION |
| Extent |
338 p. : |
| Other physical details |
ill. ; |
| Dimensions |
25 cm. |
| 365 ## - TRADE PRICE |
| Price amount |
25 usd |
| 504 ## - BIBLIOGRAPHY, ETC. NOTE |
| Bibliography, etc. note |
Includes bibliographical references (p. 285-322) and index. |
| 600 10 - SUBJECT ADDED ENTRY--PERSONAL NAME |
| Personal name |
Lincoln, Abraham, |
| Dates associated with a name |
1809-1865. |
| Title of a work |
Cooper Institute speech. |
| 600 10 - SUBJECT ADDED ENTRY--PERSONAL NAME |
| Personal name |
Lincoln, Abraham, |
| Dates associated with a name |
1809-1865 |
| General subdivision |
Oratory. |
| 600 10 - SUBJECT ADDED ENTRY--PERSONAL NAME |
| Personal name |
Lincoln, Abraham, |
| Dates associated with a name |
1809-1865 |
| General subdivision |
Views on slavery. |
| 600 10 - SUBJECT ADDED ENTRY--PERSONAL NAME |
| Personal name |
Lincoln, Abraham, |
| Dates associated with a name |
1809-1865 |
| General subdivision |
Political career before 1861. |
| 610 20 - SUBJECT ADDED ENTRY--CORPORATE NAME |
| Corporate name or jurisdiction name as entry element |
Cooper Union for the Advancement of Science and Art. |
| 650 #0 - SUBJECT ADDED ENTRY--TOPICAL TERM |
| Topical term or geographic name entry element |
Speeches, addresses, etc., American |
| Geographic subdivision |
New York (State) |
| -- |
New York. |
| 650 #0 - SUBJECT ADDED ENTRY--TOPICAL TERM |
| Geographic subdivision |
History |
| 651 #0 - SUBJECT ADDED ENTRY--GEOGRAPHIC NAME |
| Geographic name |
United States |
| General subdivision |
Politics and government |
| Chronological subdivision |
1857-1861. |
| 653 ## - INDEX TERM--UNCONTROLLED |
| Uncontrolled term |
მიმართვები |
| 653 ## - INDEX TERM--UNCONTROLLED |
| Uncontrolled term |
ისტორია |
| 653 ## - INDEX TERM--UNCONTROLLED |
| Uncontrolled term |
ამერიკის შეერთებული შტატების ისტორია |
| 856 42 - ELECTRONIC LOCATION AND ACCESS |
| Materials specified |
Contributor biographical information |
| Uniform Resource Identifier |
<a href="http://www.loc.gov/catdir/bios/simon052/2003063344.html">http://www.loc.gov/catdir/bios/simon052/2003063344.html</a> |
| 856 42 - ELECTRONIC LOCATION AND ACCESS |
| Materials specified |
Publisher description |
| Uniform Resource Identifier |
<a href="http://www.loc.gov/catdir/description/simon052/2003063344.html">http://www.loc.gov/catdir/description/simon052/2003063344.html</a> |
| 856 41 - ELECTRONIC LOCATION AND ACCESS |
| Materials specified |
Table of contents only |
| Uniform Resource Identifier |
<a href="http://www.loc.gov/catdir/toc/fy045/2003063344.html">http://www.loc.gov/catdir/toc/fy045/2003063344.html</a> |
| 856 41 - ELECTRONIC LOCATION AND ACCESS |
| Materials specified |
Sample text |
| Uniform Resource Identifier |
<a href="http://www.loc.gov/catdir/enhancements/fy0641/2003063344-s.html">http://www.loc.gov/catdir/enhancements/fy0641/2003063344-s.html</a> |
| 906 ## - LOCAL DATA ELEMENT F, LDF (RLIN) |
| a |
7 |
| b |
cbc |
| c |
orignew |
| d |
1 |
| e |
ocip |
| f |
20 |
| g |
y-gencatlg |
| 942 ## - ADDED ENTRY ELEMENTS (KOHA) |
| Source of classification or shelving scheme |
|
| Koha item type |
Books |